[Event "IRI-ch U14"]
[Site "Chess.com INT"]
[Date "2021.01.16"]
[Round "5"]
[White "Fathi, Hamed"]
[Black "Ghezelbash, Ali"]
[Result "0-1"]
[WhiteElo "1485"]
[BlackElo "1128"]
[PlyCount "128"]
[EventDate "2021.01.16"]
[EventType "swiss"]
[EventRounds "11"]
[EventCountry "IRI"]
[SourceTitle "EXT 2022"]
[Source "ChessBase"]
[SourceDate "2021.10.06"]
[SourceVersion "1"]
[SourceVersionDate "2021.10.06"]
[SourceQuality "1"]

1. e4 e5 2. Nf3 Nc6 3. Bc4 Nf6 4. Ng5 d5 5. exd5 Nxd5 6. Nxf7 Kxf7 7. Qf3+ Ke6 8. Nc3 Ncb4 9. Bb3 c6 10. 0-0 Bc5 11. d4 Bxd4 12. Ne4 Rf8 13. Qh3+ Kf7 14. Qxh7 Rh8 15. Nd6+ Ke6 16. Qg6+ Qf6 17. Qxf6+ gxf6 18. Nxc8 Bc5 19. a3 Na6 20. Bxd5+ cxd5 21. b4 Bd4 22. Rb1 Raxc8 23. b5 Nc5 24. Be3 Bxe3 25. fxe3 Ne4 26. Rbc1 Nc3 27. Rfe1 Nxb5 28. Rb1 Nd6 29. Rb2 b6 30. a4 Rh4 31. Ra2 a5 32. Rb1 Rb4 33. Rxb4 axb4 34. Rb2 Rc4 35. g3 Ne4 36. Kg2 Nc3 37. h4 Nxa4 38. Ra2 b5 39. Kh3 Rc3 40. h5 Kf7 41. Ra1 Rxc2 42. Rb1 Rc4 43. Rd1 d4 44. g4 b3 45. exd4 Rxd4 46. Rc1 Rd3+ 47. Kh4 Rc3 48. Rd1 b2 49. Rb1 Rc1 50. Rxb2 Nxb2 51. h6 Rh1+ 52. Kg3 Rxh6 53. g5 fxg5 54. Kg4 Kf6 55. Kg3 Rh4 56. Kf3 Nc4 57. Kg3 b4 58. Kf3 b3 59. Kg3 b2 60. Kf3 b1Q 61. Kf2 Rf4+ 62. Kg2 Qf1+ 63. Kh2 Rf2+ 64. Kg3 Qg2# 0-1

[Event "IRI-ch U14"]
[Site "Chess.com INT"]
[Date "2021.01.16"]
[Round "6"]
[White "Ghezelbash, Ali"]
[Black "Ahankoub, Arta"]
[Result "1-0"]
[WhiteElo "1128"]
[BlackElo "1423"]
[PlyCount "163"]
[EventDate "2021.01.16"]
[EventType "swiss"]
[EventRounds "11"]
[EventCountry "IRI"]
[SourceTitle "EXT 2022"]
[Source "ChessBase"]
[SourceDate "2021.10.06"]
[SourceVersion "1"]
[SourceVersionDate "2021.10.06"]
[SourceQuality "1"]

1. b3 d5 2. Bb2 Nf6 3. e3 g6 4. Nf3 Bg7 5. c4 b6 6. cxd5 Bb7 7. Bc4 0-0 8. 0-0 Nxd5 9. Bxg7 Kxg7 10. e4 Nf4 11. Nc3 c5 12. d4 cxd4 13. Qxd4+ Qxd4 14. Nxd4 Nc6 15. Nxc6 Bxc6 16. g3 Nh3+ 17. Kg2 Ng5 18. f3 h5 19. h4 Nh7 20. Bd5 Rac8 21. Rac1 e6 22. Bxc6 Rxc6 23. Nb5 Rxc1 24. Rxc1 Rd8 25. Rc2 Nf6 26. Nxa7 Ra8 27. Rc7 Ne8 28. Rb7 Kf6 29. a4 Rd8 30. Rxb6 Rd2+ 31. Kf1 Rd3 32. Ke2 Rc3 33. b4 Rc2+ 34. Ke3 Rc3+ 35. Ke2 Rc2+ 36. Kd3 Rf2 37. Ke3 Rg2 38. a5 Rxg3 39. a6 Nc7 40. Nb5 Nxa6 41. Rxa6 g5 42. hxg5+ Rxg5 43. Nd4 h4 44. Ra5 Rg8 45. Rh5 Rb8 46. b5 e5 47. Rf5+ Kg6 48. Rxe5 h3 49. Kf2 f6 50. Rc5 Rd8 51. Rd5 Ra8 52. Kg3 f5 53. Nxf5 Rh8 54. Kh2 Kg5 55. Ng3+ Kf4 56. Rf5+ Ke3 57. Rh5 Rg8 58. Rxh3 Kxf3 59. b6 Rb8 60. Rh6 Kf4 61. Rf6+ Ke5 62. Rf5+ Kd6 63. Rb5 Kc6 64. Rb1 Rh8+ 65. Kg2 Rf8 66. Nf5 Rb8 67. e5 Rxb6 68. Rxb6+ Kxb6 69. e6 Kc7 70. Kf3 Kd8 71. Ke4 Ke8 72. Ke5 Kf8 73. Kf6 Ke8 74. e7 Kd7 75. Kf7 Kc8 76. e8Q+ Kb7 77. Qd7+ Kb6 78. Qc8 Ka7 79. Nd6 Kb6 80. Qc4 Ka7 81. Qb5 Ka8 82. Qb7# 1-0

[Event "IRI-ch U14"]
[Site "Chess.com INT"]
[Date "2021.01.16"]
[Round "1"]
[White "Ghezelbash, Ali"]
[Black "Hojjatinejad, Ilia"]
[Result "0-1"]
[WhiteElo "1128"]
[BlackElo "1839"]
[PlyCount "150"]
[EventDate "2021.01.16"]
[EventType "swiss"]
[EventRounds "11"]
[EventCountry "IRI"]
[SourceTitle "EXT 2022"]
[Source "ChessBase"]
[SourceDate "2021.10.06"]
[SourceVersion "1"]
[SourceVersionDate "2021.10.06"]
[SourceQuality "1"]

1. b3 d5 2. Bb2 Nf6 3. e3 Bf5 4. Nf3 e6 5. Nc3 Be7 6. Bb5+ c6 7. Be2 0-0 8. 0-0 Nbd7 9. d4 Ne4 10. Nxe4 Bxe4 11. c4 Bd6 12. c5 Bc7 13. Bd3 Nf6 14. Ne5 Bxd3 15. Qxd3 Ne4 16. f3 Bxe5 17. dxe5 Nxc5 18. Qd4 Nd7 19. e4 Qb6 20. exd5 cxd5 21. Rac1 Rac8 22. Kh1 Qxd4 23. Bxd4 b6 24. b4 f6 25. exf6 gxf6 26. f4 Rc4 27. Rxc4 dxc4 28. Rc1 Rc8 29. Bc3 Kf7 30. a4 Ke7 31. Kg1 a6 32. Kf2 e5 33. Re1 Ke6 34. Kf3 Rc6 35. Rd1 Rd6 36. f5+ Ke7 37. Rxd6 Kxd6 38. Ke4 b5 39. a5 Nb8 40. g4 Nc6 41. h4 Ne7 42. g5 Nd5 43. Be1 c3 44. g6 hxg6 45. fxg6 Ne7 46. h5 c2 47. Bd2 f5+ 48. Kd3 f4 49. Kxc2 Ng8 50. Kc3 Ke6 51. Kd3 Kf5 52. Bc3 e4+ 53. Kd4 f3 54. Be1 Nf6 55. g7 Kg5 56. Ke5 e3 57. Bh4+ Kxh4 58. Kxf6 f2 59. g8Q f1Q+ 60. Ke7 e2 61. h6 e1Q+ 62. Kd6 Qd3+ 63. Kc6 Qc4+ 64. Qxc4+ bxc4 65. b5 Qe6+ 66. Kc5 Qxh6 67. Kxc4 axb5+ 68. Kxb5 Qh8 69. Kb6 Qa8 70. a6 Kg5 71. a7 Kf6 72. Ka6 Ke6 73. Kb6 Kd6 74. Ka6 Kc5 75. Ka5 Qxa7# 0-1

[Event "IRI-ch U14"]
[Site "Chess.com INT"]
[Date "2021.01.16"]
[Round "8"]
[White "Ghezelbash, Ali"]
[Black "Razaghian, Hosein"]
[Result "0-1"]
[WhiteElo "1128"]
[BlackElo "1809"]
[PlyCount "60"]
[EventDate "2021.01.16"]
[EventType "swiss"]
[EventRounds "11"]
[EventCountry "IRI"]
[SourceTitle "EXT 2022"]
[Source "ChessBase"]
[SourceDate "2021.10.06"]
[SourceVersion "1"]
[SourceVersionDate "2021.10.06"]
[SourceQuality "1"]

1. b3 d5 2. Bb2 Bf5 3. Nf3 c5 4. e3 e6 5. Bb5+ Nc6 6. Ne5 Qc7 7. f4 Nf6 8. 0-0 Be7 9. d4 0-0 10. Bxc6 bxc6 11. Nd2 cxd4 12. exd4 c5 13. c3 cxd4 14. cxd4 Qb6 15. Kh1 Rfc8 16. Rc1 Qa6 17. a4 Rxc1 18. Qxc1 Rc8 19. Qe1 Rc2 20. Bc1 Bb4 21. Rf2 Ne4 22. Re2 Bxd2 23. Bxd2 Rxd2 24. Rxd2 Nxd2 25. Kg1 Nxb3 26. Qb4 Qb6 27. Qe7 Qxd4+ 28. Kf1 Qxf4+ 29. Kg1 Qe3+ 30. Kf1 Nd2# 0-1